Riohacha, Fenix del Caribe / (Registro nro. 30483)
[ vista simple ]
| 000 -LEADER | |
|---|---|
| fixed length control field | 00836nam a2200241Ia 4500 |
| 003 - CONTROL NUMBER IDENTIFIER | |
| control field | CO-CtgCURN |
| 005 - DATE AND TIME OF LATEST TRANSACTION | |
| control field | 20250410163705.0 |
| 008 - FIXED-LENGTH DATA ELEMENTS--GENERAL INFORMATION | |
| fixed length control field | 190726s2005 xx g 000 0 spa d |
| 020 ## - INTERNATIONAL STANDARD BOOK NUMBER | |
| International Standard Book Number | 9589771807 |
| 040 ## - CATALOGING SOURCE | |
| Original cataloging agency | CO-CtgCURN |
| Language of cataloging | spa |
| Transcribing agency | coctgcurn |
| 082 ## - DEWEY DECIMAL CLASSIFICATION NUMBER | |
| Classification number | 986.117 |
| Item number | D536r |
| 100 ## - MAIN ENTRY--PERSONAL NAME | |
| Personal name | Diago Julio, Lázaro |
| 9 (RLIN) | 1715 |
| 245 #0 - TITLE STATEMENT | |
| Title | Riohacha, Fenix del Caribe / |
| Statement of responsibility, etc. | Lázaro Diago Julio |
| 260 ## - PUBLICATION, DISTRIBUTION, ETC. | |
| Place of publication, distribution, etc. | Rioacha : |
| Name of publisher, distributor, etc. | Ministerio de Cultura, |
| Date of publication, distribution, etc. | 2005 |
| 300 ## - PHYSICAL DESCRIPTION | |
| Extent | 334 páginas ; |
| Dimensions | 21 centímetros |
| 490 ## - SERIES STATEMENT | |
| Series statement | Estimulos a la investigación |
| 504 ## - BIBLIOGRAPHY, ETC. NOTE | |
| Bibliography, etc. note | Incluye referencias bibliográficas (p. 327-334) |
| 521 ## - TARGET AUDIENCE NOTE | |
| Target audience note | AREA BASICA |
| 590 ## - LOCAL NOTE (RLIN) | |
| Local note | Todos los programas acádemicos |
| 651 ## - SUBJECT ADDED ENTRY--GEOGRAPHIC NAME | |
| Geographic name | Riohacha |
| General subdivision | Historia |
| 9 (RLIN) | 1716 |
| 942 ## - ADDED ENTRY ELEMENTS (KOHA) | |
| Koha item type | Libros |
| Classification part | 986.117 |
| Item part | D536r |
| Source of classification or shelving scheme | Dewey Decimal Classification |
| Suppress in OPAC | No |
| Withdrawn status | Lost status | Source of classification or shelving scheme | Damaged status | Not for loan | Collection | Home library | Current library | Shelving location | Date acquired | Inventory number | Total checkouts | Full call number | Barcode | Date last seen | Copy number | Price effective from | Koha item type |
|---|---|---|---|---|---|---|---|---|---|---|---|---|---|---|---|---|---|
| Dewey Decimal Classification | Miguel Henríquez Castañeda Barranquilla | Miguel Henríquez Castañeda Barranquilla | General | 05/23/2018 | 02964 | 986.117 D536r | 02964 | 07/26/2019 | ej.1 | 07/26/2019 | Libros |